000
00323nam a2200133Ia 4500
008
240624s9999 xx 000 0 und d
041
_a
eng
082
_a
823 ROS
100
_a
ROSE KAREN
245
_a
DON T TELL
260
_c
2009
_a
New York
_b
Headline Publishing Group
300
_a
503 : p. : cm. ; 17
365
_c
RS
_b
20
999
_c
16005
_d
16005